Historia de la vida privada : tomo 4 :
Guardado en:
| Autor Principal: | |
|---|---|
| Otros Autores: | , |
| Formato: | Libro |
| Publicado: |
Madrid :
Taurus,
1992
|
| Materias: | |
| Etiquetas: |
Agregar Etiqueta
Sin Etiquetas, Sea el primero en etiquetar este registro!
|
| LEADER | 00743nam a22002175a 4500 | ||
|---|---|---|---|
| 001 | CEM.cems008901 | ||
| 005 | 20080407134219.0 | ||
| 008 | 130507s1992##################000#0#####d | ||
| 003 | CEMS | ||
| 020 | |a 8430697934 | ||
| 082 | 0 | 4 | |a 940.1 |
| 100 | 1 | |a Aries, Philippe | |
| 245 | 1 | 0 | |a Historia de la vida privada : |b tomo 4 : |c Dirigida Por Philippe Aries y George Duby ; traducido Por Francisco Pérez Gutiérrez |
| 260 | |a Madrid : |b Taurus, |c 1992 | ||
| 300 | |a 333 p. | ||
| 505 | 0 | |a 1 Ficciones / Régnier-Bohler -- Problemas / Dominique Barthélemy | |
| 653 | |a Historia de la cultura | ||
| 653 | |a Historia | ||
| 700 | 1 | |a Duby, Georges | |
| 700 | 1 | |a Pérez Gutiérrez, Francisco | |
| 859 | |a CEMS |b BIB. CEMS - 11 de abril |h 940.1 |i Ar42 |p 18429.95 |t Ej.1 |v 4 |3 4 | ||
